000 00625nam a2200193Ia 4500
003 GCL
008 140319s9999 xx 000 0 ara d
040 _aGCL /
_cGCL
082 0 4 _a398.9
_bر م
100 1 _aروحى البعلبكى
245 1 0 _aمعجم روائع الحكمة والاقوال الخالدة /
_cروحى البعلبكى
250 _aالاولى
260 _aبيروت :
_bدار العلم للملايين ،
_c2003
300 _a257ص ؛
_c24سم
650 0 4 _aالامثال العامية
650 0 4 _aالقران - امثال
650 0 4 _aالحديث - امثال
942 _2ddc
_cBK
999 _c8648
_d8648